Honkai Star Rail Character Lightcones - Statistics

General Stats
  • This quiz has been taken 230 times
    186 since last reset
  • The average score is 28 of 36
Answer Stats
Hint Answer % Correct
Night on the Milky Way Himeko
97%
In the Name of the World Welt
94%
Echoes of the Coffin Luocha
92%
But the Battle Isn't Over Bronya
91%
The Unreachable Side Blade
89%
Something Irreplacable Clara
88%
Moment of Victory Gepard
88%
In the Night Seele
88%
Ninjutsu Inscription:Dazzling Evilbreaker Rappa
87%
Incessant Rain Silver Wolf
86%
Sleep Like the Dead Yanqing
84%
Sailing Towards a Second Life Boothill
83%
Along the Passing Shore Acheron
82%
Reforged Remembrance Black Swan
82%
She Already Shut Her Eyes Fu Xuan
82%
I Shall Be My Own Sword Jingliu
82%
Before Dawn Jing Yuan
82%
Patience Is All You Need Kafka
82%
Flowing Nightglow Robin
81%
I Venture Forth to Hunt Feixiao
80%
Night of Fright Huo Huo
77%
A Grounded Ascent Sunday
77%
Inherently Unjust Destiny Aventurine
76%
Time Waits For No One Bailu
76%
Baptism of Pure Thought Dr Ratio
74%
Whereabouts Should Dreams Rest Firefly
72%
Past Self in Mirror Ruan Mei
72%
Dance at Sunset Yunli
71%
Scent Alone Stays True Lingsha
69%
Worrisome, Blissful Topaz & Numby
69%
Long Road Leads Home Fugue
68%
Earthly Escapade Sparkle
67%
An Instant Before a Gaze Argenti
65%
Yet Hope is Priceless Jade
65%
Those Many Springs Jiaoqi
64%
Brighter Than the Sun Imbibitor Lunae
49%
No matching quizzes found
Score Distribution
Percent of People with Each Score
Percentile by Number Answered
Your Score History
You have not taken this quiz since the last reset